| 000 -CABECERA |
| Campo de control de longitud fija |
00482nam a22001577a 4500 |
| 008 - CAMPO FIJO DE DESCRIPCIÓN FIJA--INFORMACIÓN GENERAL |
| Campo de control de longitud fija |
210928b ||||| |||| 00| 0 eng d |
| 020 ## - ISBN (INTERNATIONAL STANDARD BOOK NUMBER) |
| ISBN |
9788494465581 |
| 040 ## - FUENTE DE CATALOGACIÓN |
| Agencia de catalogación original |
CDMR |
| 100 1# - ENCABEZAMIENTO PRINCIPAL--NOMBRE PERSONAL |
| 9 (RLIN) |
4670 |
| Nombre de persona |
Córdoba, José Luis |
| 245 ## - MENCIÓN DE TÍTULO |
| Título |
El viejo periodista / |
| Mención de responsabilidad, etc. |
por José Luis Córdoba |
| 260 ## - PUBLICACIÓN, DISTRIBUCIÓN, ETC (PIE DE IMPRENTA) |
| Lugar de publicación, distribución, etc. |
Barcelona : |
| Nombre del editor, distribuidor, etc. |
DQ, |
| Fecha de publicación, distribución, etc. |
2021 |
| 300 ## - DESCRIPCIÓN FÍSICA |
| Extensión |
287 pàgines |
| Dimensiones |
24 cm |
| 650 #0 - ASIENTO SECUNDARIO DE MATERIA--TÉRMINO DE MATERIA |
| 9 (RLIN) |
2767 |
| Nombre de materia o nombre geográfico como elemento de entrada |
Periodistes |
| Subdivisión general |
Situació legal, lleis, etc |
| 650 #0 - ASIENTO SECUNDARIO DE MATERIA--TÉRMINO DE MATERIA |
| 9 (RLIN) |
2273 |
| Nombre de materia o nombre geográfico como elemento de entrada |
Periodistes |
| Subdivisión general |
Mercat de treball |
| 942 ## - ELEMENTOS KOHA |
| Fuente de clasificación o esquema de ordenación en estanterías |
|
| Koha tipo de item |
Monografies |